000 00575nam a2200241 a 4500
001 nice12345678
003 IN_TiNIC
005 20260116012518.0
008 050524s1944 laha grp 000 0 urd
020 _a
_c100
082 0 0 _a922.97
_bSHU
100 _aShurish, Kashmiri
245 _aKhutabat-E-Azad
260 _aLahore
_bMaktaba Shahkar
_c1944
300 _a354p
500 _aincludes index and biblioraphy
505 2 _aAppendix
650 _aAbul Kalam Azad-Speeches
700 1 _aShurish, Kashmiri
902 _bSRS
942 _cBK
999 _c7302
_d7302